[Event "DEN-ch"]
[Site "Denmark"]
[Date "1986.??.??"]
[Round "5"]
[White "Mortensen, Erling"]
[Black "Hansen, Curt"]
[Result "0-1"]
[WhiteElo "2420"]
[BlackElo "2510"]
[PlyCount "66"]
[EventDate "1986.??.??"]
[EventType "tourn"]
[EventRounds "11"]
[EventCountry "DEN"]
[EventCategory "5"]
[Source "ChessBase"]
[SourceDate "1996.11.15"]

1. e4 c5 2. Nf3 d6 3. d4 cxd4 4. Nxd4 Nf6 5. Nc3 g6 6. Be3 Bg7 7. f3 Nc6 8. Qd2
O-O 9. Bc4 Bd7 10. O-O-O Rc8 11. Bb3 Ne5 12. h4 h5 13. Bg5 Rc5 14. g4 hxg4 15.
f4 Nc4 16. Qd3 b5 17. f5 Ne5 18. Qe3 Kh7 19. h5 gxf5 20. exf5 Rxc3 21. bxc3 a5
22. h6 Bh8 23. Bf4 a4 24. Bxe5 axb3 25. Bxf6 Bxf6 26. axb3 e5 27. Qe4 exd4 28.
Qxg4 Bc6 29. Rh2 Rg8 30. Qh5 Bd5 31. cxd4 Qa5 32. Rh4 Bxh4 33. Qxh4 Qa1+ 0-1

[Event "DEN-ch"]
[Site "Denmark"]
[Date "1986.??.??"]
[Round "11"]
[White "Mortensen, Erling"]
[Black "Berg, Klaus"]
[Result "1/2-1/2"]
[WhiteElo "2420"]
[BlackElo "2375"]
[PlyCount "165"]
[EventDate "1986.??.??"]
[EventType "tourn"]
[EventRounds "11"]
[EventCountry "DEN"]
[EventCategory "5"]
[Source "ChessBase"]
[SourceDate "1996.11.15"]

1. e4 c6 2. d4 d5 3. exd5 cxd5 4. c4 Nf6 5. Nc3 Nc6 6. Bg5 e6 7. Nf3 Be7 8. Bd3
dxc4 9. Bxc4 O-O 10. O-O b6 11. a3 Bb7 12. Re1 Rc8 13. Qd3 Na5 14. Ba2 Bxf3 15.
Qxf3 Qxd4 16. Rad1 Qc5 17. Bxf6 Bxf6 18. Ne4 Qe7 19. b4 Nc4 20. Nxf6+ Qxf6 21.
Bxc4 Qxf3 22. gxf3 Rxc4 23. Rd7 a5 24. bxa5 bxa5 25. Ra7 Ra4 26. Re3 g6 27. Re5
Rxa3 28. Kg2 Rd8 29. Rexa5 Rxa5 30. Rxa5 Rd5 31. Ra8+ Kg7 32. Ra4 Rg5+ 33. Kf1
Rf5 34. Kg2 Kf6 35. Rb4 e5 36. Rb6+ Kg5 37. Kg3 Rf4 38. Rb5 f6 39. Rb7 h5 40.
h3 h4+ 41. Kg2 Rd4 42. Rb6 f5 43. Re6 Rd5 44. Ra6 e4 45. Re6 Rd4 46. fxe4 fxe4
47. Re8 Kf6 48. Kf1 g5 49. Rf8+ Ke6 50. Re8+ Kd6 51. Ke2 Kd5 52. Rd8+ Ke5 53.
Re8+ Kf5 54. Rf8+ Kg6 55. Kf1 Rd6 56. Kg2 Rf6 57. Re8 Rf4 58. Rh8 Kf6 59. Rh6+
Ke5 60. Rh5 Rf5 61. Rh8 Kd4 62. Ra8 Rc5 63. Rd8+ Rd5 64. Ra8 Ke5 65. Re8+ Kf4
66. Rf8+ Rf5 67. Rg8 Rf6 68. Rg7 Rf8 69. Rg6 Kf5 70. Rg7 Kf6 71. Ra7 Kg6 72.
Ra6+ Rf6 73. Ra8 Rf4 74. Rg8+ Kh6 75. Rh8+ Kg7 76. Ra8 g4 77. hxg4 Rxg4+ 78.
Kh3 Rf4 79. Ra6 Kf7 80. Rh6 Rxf2 81. Rxh4 Re2 82. Kg3 Ke6 83. Rh5 1/2-1/2

[Event "DEN-ch"]
[Site "Denmark"]
[Date "1986.??.??"]
[Round "11"]
[White "Nielsen, NJ."]
[Black "Kristiansen, Jens"]
[Result "1/2-1/2"]
[WhiteElo "2245"]
[BlackElo "2395"]
[PlyCount "103"]
[EventDate "1986.??.??"]
[EventType "tourn"]
[EventRounds "11"]
[EventCountry "DEN"]
[EventCategory "5"]
[Source "ChessBase"]
[SourceDate "1996.11.15"]

1. d4 g6 2. g3 Bg7 3. Bg2 c5 4. dxc5 Na6 5. e4 Nxc5 6. Ne2 d6 7. O-O Nf6 8.
Nbc3 O-O 9. Be3 Rb8 10. b4 Na6 11. Rb1 b6 12. h3 Bb7 13. Nd5 Rc8 14. Nd4 Nc7
15. Nxf6+ Bxf6 16. c4 e5 17. Nb3 Ne6 18. Rc1 Bg5 19. f4 Bh6 20. Qd2 exf4 21.
gxf4 f5 22. Nd4 Nxd4 23. Qxd4 Qe7 24. exf5 Bxg2 25. Kxg2 Rxf5 26. Bd2 Bg7 27.
Qd3 Qb7+ 28. Kg3 Qc6 29. Rfe1 Qd7 30. Re4 d5 31. Rce1 Qc6 32. cxd5 Qxd5 33.
Re8+ Rxe8 34. Rxe8+ Kf7 35. Rd8 Qxd3+ 36. Rxd3 Ke6 37. Bc3 Bf8 38. a3 Bd6 39.
Bd2 g5 40. Re3+ Kf6 41. Bc3+ Kf7 42. Kg4 Bxf4 43. Kxf5 Bxe3 44. b5 Bf4 45. a4
h6 46. h4 Bg3 47. h5 Bf4 48. Bd4 Bd2 49. Be5 Bf4 50. Bc3 Bd6 51. Bd4 Bb8 52.
Bc3 1/2-1/2

[Event "DEN-ch"]
[Site "Denmark"]
[Date "1986.??.??"]
[Round "7"]
[White "Nielsen, NJ."]
[Black "Sorensen, Torben N"]
[Result "1/2-1/2"]
[WhiteElo "2245"]
[BlackElo "2275"]
[PlyCount "81"]
[EventDate "1986.??.??"]
[EventType "tourn"]
[EventRounds "11"]
[EventCountry "DEN"]
[EventCategory "5"]
[Source "ChessBase"]
[SourceDate "1996.11.15"]

1. d4 d5 2. c3 c6 3. Bg5 Bf5 4. e3 Qb6 5. b3 e6 6. Bd3 Bxd3 7. Qxd3 Nd7 8. Nd2
Ngf6 9. Ngf3 Bd6 10. O-O O-O 11. c4 c5 12. e4 dxe4 13. Nxe4 Nxe4 14. Qxe4 cxd4
15. Qxd4 Qxd4 16. Nxd4 Be5 17. Rad1 Bxd4 18. Rxd4 Ne5 19. Rfd1 Rae8 20. Rd6 f6
21. Be3 Nc6 22. Kf1 Rf7 23. Bc5 Rc7 24. Rd7 Rec8 25. Be3 Kf8 26. f4 Ke8 27.
R7d6 Kf7 28. Kf2 b6 29. g4 g6 30. h3 Ke7 31. Bc1 Kf7 32. Bb2 e5 33. fxe5 fxe5
34. Rd7+ Ke8 35. R7d5 Rf7+ 36. Ke3 Rcc7 37. Ba3 Rf6 38. Rd6 Rcf7 39. Rxf6 Rxf6
40. Ke4 Rf4+ 41. Ke3 1/2-1/2

[Event "DEN-ch"]
[Site "Denmark"]
[Date "1986.??.??"]
[Round "3"]
[White "Nielsen, NJ."]
[Black "Ochsner, Thomas"]
[Result "1-0"]
[WhiteElo "2245"]
[BlackElo "2275"]
[PlyCount "61"]
[EventDate "1986.??.??"]
[EventType "tourn"]
[EventRounds "11"]
[EventCountry "DEN"]
[EventCategory "5"]
[Source "ChessBase"]
[SourceDate "1996.11.15"]

1. e4 e5 2. Nf3 Nc6 3. d4 exd4 4. Nxd4 Nf6 5. Nxc6 bxc6 6. Bd3 d5 7. Qe2 dxe4
8. Bxe4 Nxe4 9. Qxe4+ Qe7 10. Qxe7+ Bxe7 11. Bf4 Rb8 12. b3 Bf5 13. Nd2 Bb4 14.
O-O-O Rb7 15. Nc4 O-O 16. Bd2 Bc5 17. Be3 Bb6 18. Bxb6 axb6 19. Ne5 c5 20. Rhe1
g6 21. Nc6 Kg7 22. a4 b5 23. a5 Ra8 24. Rd5 c4 25. b4 Be6 26. Rc5 Kf6 27. Rd1
Rc8 28. f3 Kg7 29. Nd8 Rbb8 30. Nxe6+ fxe6 31. Rd7+ 1-0

[Event "DEN-ch"]
[Site "Denmark"]
[Date "1986.??.??"]
[Round "5"]
[White "Nielsen, NJ."]
[Black "Schandorff, Lars"]
[Result "1/2-1/2"]
[WhiteElo "2245"]
[BlackElo "2335"]
[PlyCount "55"]
[EventDate "1986.??.??"]
[EventType "tourn"]
[EventRounds "11"]
[EventCountry "DEN"]
[EventCategory "5"]
[Source "ChessBase"]
[SourceDate "1996.11.15"]

1. d4 d5 2. Nc3 Nf6 3. Bg5 Nbd7 4. Nf3 g6 5. g3 Bg7 6. Bg2 O-O 7. O-O c6 8. Re1
Re8 9. e4 Nxe4 10. Nxe4 dxe4 11. Rxe4 Nf6 12. Re1 Qb6 13. Qc1 Bg4 14. Ne5 Be6
15. c3 a5 16. b3 Nd5 17. Nc4 Qc7 18. Ne3 b5 19. Qd2 Qb6 20. Rac1 Rad8 21. Nxd5
cxd5 22. Bf4 Rc8 23. Be5 f6 24. Bf4 Bf7 25. h4 e5 26. dxe5 fxe5 27. Bg5 Qd6 28.
Rcd1 1/2-1/2

[Event "DEN-ch"]
[Site "Denmark"]
[Date "1986.??.??"]
[Round "1"]
[White "Nielsen, NJ."]
[Black "Mortensen, Erling"]
[Result "0-1"]
[WhiteElo "2245"]
[BlackElo "2420"]
[PlyCount "104"]
[EventDate "1986.??.??"]
[EventType "tourn"]
[EventRounds "11"]
[EventCountry "DEN"]
[EventCategory "5"]
[Source "ChessBase"]
[SourceDate "1996.11.15"]

1. e4 c5 2. Nc3 d6 3. g3 Nc6 4. Bg2 g6 5. d3 Bg7 6. Nf3 Rb8 7. a4 a6 8. Be3 Bg4
9. h3 Bxf3 10. Bxf3 e6 11. O-O Nge7 12. Qd2 Nd4 13. Bd1 O-O 14. Bh6 Nec6 15.
Bxg7 Kxg7 16. f4 Qb6 17. f5 h6 18. a5 Nxa5 19. Kh2 Nac6 20. Na4 Qd8 21. c3 Nb5
22. Be2 b6 23. b3 Nc7 24. d4 b5 25. Nb2 cxd4 26. cxd4 e5 27. d5 Nd4 28. Bd1
gxf5 29. exf5 Qg5 30. f6+ Kh8 31. Qxg5 hxg5 32. Nd3 Ra8 33. Nb4 a5 34. Nc6 Nxc6
35. dxc6 Kh7 36. Rf5 Kh6 37. h4 Rg8 38. Bf3 a4 39. bxa4 Rxa4 40. Rxa4 bxa4 41.
Bd1 gxh4 42. gxh4 Ra8 43. Bh5 Rf8 44. Bd1 a3 45. Bb3 Kg6 46. Bc2 Rb8 47. Rf3+
Kh5 48. Rxa3 Rb2 49. Rc3 Kxh4 50. Kg1 Kg5 51. Bb3 d5 52. Rf3 e4 0-1

[Event "DEN-ch"]
[Site "Denmark"]
[Date "1986.??.??"]
[Round "9"]
[White "Nielsen, NJ."]
[Black "Sloth, Jorn"]
[Result "1/2-1/2"]
[WhiteElo "2245"]
[BlackElo "2385"]
[PlyCount "40"]
[EventDate "1986.??.??"]
[EventType "tourn"]
[EventRounds "11"]
[EventCountry "DEN"]
[EventCategory "5"]
[Source "ChessBase"]
[SourceDate "1996.11.15"]

1. d4 e6 2. Nf3 Nf6 3. Bg5 c5 4. c3 Be7 5. e3 b6 6. Nbd2 Bb7 7. Bd3 cxd4 8.
exd4 d6 9. O-O Nbd7 10. Re1 O-O 11. h3 Re8 12. Bf4 a6 13. a4 Bf8 14. Bh2 Qc7
15. Qc2 Bc6 16. Ng5 g6 17. f4 Bg7 18. g4 b5 19. f5 gxf5 20. gxf5 e5 1/2-1/2

[Event "DEN-ch"]
[Site "Denmark"]
[Date "1986.??.??"]
[Round "4"]
[White "Ochsner, Thomas"]
[Black "Mortensen, Erling"]
[Result "0-1"]
[WhiteElo "2275"]
[BlackElo "2420"]
[PlyCount "130"]
[EventDate "1986.??.??"]
[EventType "tourn"]
[EventRounds "11"]
[EventCountry "DEN"]
[EventCategory "5"]
[Source "ChessBase"]
[SourceDate "1996.11.15"]

1. e4 e5 2. Nf3 Nc6 3. Bb5 f5 4. Nc3 fxe4 5. Nxe4 Nf6 6. Qe2 d5 7. Nxf6+ gxf6
8. d4 Bg7 9. dxe5 O-O 10. Bxc6 bxc6 11. e6 Re8 12. O-O Rxe6 13. Qd3 c5 14. Rd1
c6 15. c4 Qe7 16. cxd5 cxd5 17. Qxd5 Bb7 18. Qd7 Qxd7 19. Rxd7 Bxf3 20. gxf3
Re1+ 21. Kg2 Bh6 22. Bxh6 Rxa1 23. a3 c4 24. Rg7+ Kh8 25. Rc7 Rg8+ 26. Kh3 Rb1
27. Be3 Rg6 28. Rxc4 Rxb2 29. Rc8+ Rg8 30. Rxg8+ Kxg8 31. Bxa7 Kf7 32. Kg3 Rc2
33. Bb6 Rc4 34. Ba5 Rc5 35. Bd2 Rd5 36. Be3 Ra5 37. Bc1 Ra8 38. Kg2 Ke6 39. Bb2
Rg8+ 40. Kf1 Rb8 41. Bd4 Rb3 42. Be3 Rxa3 43. Kg2 Ra8 44. Bd4 Rg8+ 45. Kf1 Kf5
46. Be3 Ke5 47. Bc1 f5 48. Be3 Kd5 49. Ke2 Rg1 50. Bf4 Rh1 51. Bg3 Ke6 52. Ke3
Kf6 53. Kf4 Kg6 54. Ke5 Re1+ 55. Kf4 Rh1 56. Ke5 Ra1 57. Bh4 Ra4 58. Bd8 Ra2
59. Bh4 Kh5 60. Bg3 Ra5+ 61. Kf4 Rb5 62. Ke3 Kg5 63. h4+ Kh5 64. Kf4 Ra5 65.
Ke3 Ra4 0-1

[Event "DEN-ch"]
[Site "Denmark"]
[Date "1986.??.??"]
[Round "2"]
[White "Ochsner, Thomas"]
[Black "Berg, Klaus"]
[Result "1-0"]
[WhiteElo "2275"]
[BlackElo "2375"]
[PlyCount "69"]
[EventDate "1986.??.??"]
[EventType "tourn"]
[EventRounds "11"]
[EventCountry "DEN"]
[EventCategory "5"]
[Source "ChessBase"]
[SourceDate "1996.11.15"]

1. e4 c6 2. c4 d5 3. cxd5 cxd5 4. exd5 Nf6 5. Bb5+ Nbd7 6. Nc3 a6 7. Qa4 g6 8.
Nf3 Bg7 9. O-O O-O 10. Bxd7 Qxd7 11. Qxd7 Bxd7 12. Re1 Rfe8 13. d4 Rad8 14. Bg5
Bc8 15. Bxf6 exf6 16. Rxe8+ Rxe8 17. a4 g5 18. Re1 Rxe1+ 19. Nxe1 Kf8 20. Kf1
Ke7 21. Ke2 f5 22. Kd3 f4 23. Kc4 b6 24. b4 h6 25. Nd3 f5 26. a5 bxa5 27. bxa5
Kd6 28. Nc5 Bf6 29. N3a4 Bd7 30. Nxd7 Kxd7 31. Nc5+ Kc8 32. Nxa6 Bd8 33. Kb5
Bf6 34. Kc6 Bxd4 35. d6 1-0

[Event "DEN-ch"]
[Site "Denmark"]
[Date "1986.??.??"]
[Round "7"]
[White "Ochsner, Thomas"]
[Black "Hansen, Curt"]
[Result "1/2-1/2"]
[WhiteElo "2275"]
[BlackElo "2510"]
[PlyCount "60"]
[EventDate "1986.??.??"]
[EventType "tourn"]
[EventRounds "11"]
[EventCountry "DEN"]
[EventCategory "5"]
[Source "ChessBase"]
[SourceDate "1996.11.15"]

1. e4 c5 2. c3 d5 3. exd5 Qxd5 4. d4 e6 5. Nf3 Nf6 6. Na3 Qd8 7. Nc2 Be7 8. g3
b6 9. Bg2 Bb7 10. O-O Nbd7 11. Qe2 O-O 12. Rd1 Qc8 13. Bf4 Be4 14. Rd2 Re8 15.
dxc5 Nxc5 16. Rad1 Qb7 17. Nce1 b5 18. Ne5 Bxg2 19. Nxg2 Rac8 20. Bg5 Rc7 21.
Nf4 Nce4 22. Bxf6 Bxf6 23. Rd4 Ng5 24. h4 Bxe5 25. Rd8 Rc8 26. Rxe8+ Rxe8 27.
hxg5 Bxf4 28. gxf4 Qc6 29. Rd4 f6 30. Qd2 fxg5 1/2-1/2

[Event "DEN-ch"]
[Site "Denmark"]
[Date "1986.??.??"]
[Round "11"]
[White "Schandorff, Lars"]
[Black "Hoi, Carsten"]
[Result "0-1"]
[WhiteElo "2335"]
[BlackElo "2405"]
[PlyCount "146"]
[EventDate "1986.??.??"]
[EventType "tourn"]
[EventRounds "11"]
[EventCountry "DEN"]
[EventCategory "5"]
[Source "ChessBase"]
[SourceDate "1996.11.15"]

1. d4 Nf6 2. Nf3 g6 3. g3 Bg7 4. Bg2 O-O 5. O-O d6 6. c4 Bg4 7. Nc3 Qc8 8. Bg5
h6 9. Bxf6 exf6 10. Nd5 Re8 11. Ne3 h5 12. Nxg4 hxg4 13. Ne1 f5 14. e3 Nd7 15.
h3 gxh3 16. Bxh3 Nf6 17. Nd3 c6 18. Bg2 Qc7 19. Re1 Qe7 20. Bf3 Ne4 21. Rc1
Rad8 22. Qc2 Bf6 23. Nf4 Bg5 24. Nh3 Bh6 25. Kg2 Nf6 26. Rh1 Kg7 27. Ng1 Qe6
28. Ne2 Bg5 29. b3 d5 30. cxd5 Nxd5 31. Nc3 Nb4 32. Qe2 Bf6 33. a3 Na6 34. b4
Nc7 35. Qc2 Qd6 36. Na4 Nd5 37. Qb3 Bg5 38. Rce1 b6 39. Nc3 Nf6 40. Rc1 Rc8 41.
Qb2 Ng4 42. b5 Bxe3 43. Bxg4 fxg4 44. fxe3 Rxe3 45. Ne2 Qd5+ 46. Kg1 Rce8 47.
Rh2 cxb5 48. Rc3 a5 49. Qd2 Qf3 50. d5 Qe4 51. Rc2 Qd3 52. d6 Rd8 53. Qc3+ Qxc3
54. Rxc3 Rxc3 55. Nxc3 Rxd6 56. Nxb5 Rd1+ 57. Kf2 Rd2+ 58. Kg1 Rd1+ 59. Kf2 Rd5
60. Nc3 Rd3 61. Nb5 Rf3+ 62. Kg2 Rb3 63. a4 Rb4 64. Nc3 Rc4 65. Nd5 Rxa4 66.
Nxb6 Rb4 67. Nd5 Rb2+ 68. Kg1 Rxh2 69. Kxh2 a4 70. Kg2 a3 71. Nc3 f5 72. Kf2
Kf6 73. Ke3 Ke5 0-1

[Event "DEN-ch"]
[Site "Denmark"]
[Date "1986.??.??"]
[Round "6"]
[White "Schandorff, Lars"]
[Black "Mortensen, Erling"]
[Result "1-0"]
[WhiteElo "2335"]
[BlackElo "2420"]
[PlyCount "97"]
[EventDate "1986.??.??"]
[EventType "tourn"]
[EventRounds "11"]
[EventCountry "DEN"]
[EventCategory "5"]
[Source "ChessBase"]
[SourceDate "1996.11.15"]

1. d4 d6 2. Nf3 g6 3. g3 Bg7 4. Bg2 Nd7 5. O-O e5 6. c4 Nh6 7. e4 O-O 8. Nc3 c6
9. Re1 Qb6 10. Na4 Qc7 11. c5 dxc5 12. dxc5 f6 13. Qb3+ Kh8 14. Be3 Ng4 15. Bd2
b5 16. cxb6 axb6 17. h3 b5 18. Nc3 Nh6 19. Qc2 Qb8 20. Be3 Ra6 21. a3 f5 22.
exf5 gxf5 23. Bg5 e4 24. Bf4 Qb7 25. Ng5 Ne5 26. Ncxe4 fxe4 27. Bxe4 Bf5 28. g4
Bxe4 29. Rxe4 Ng6 30. Bd6 Nf7 31. Re7 Nxd6 32. Rxb7 Nxb7 33. Rd1 Bf6 34. Nxh7
Kxh7 35. Rd7+ Kh6 36. Rxb7 Ra4 37. b4 Raa8 38. Qd2+ Bg5 39. Qd7 Be7 40. Qd2+
Bg5 41. Qd7 Ne7 42. Qd6+ Ng6 43. Qc7 Ne7 44. Qd6+ Ng6 45. Qc7 Ne7 46. Qe5 Rae8
47. h4 Bf4 48. g5+ Kh5 49. Qe2+ 1-0

[Event "DEN-ch"]
[Site "Denmark"]
[Date "1986.??.??"]
[Round "2"]
[White "Schandorff, Lars"]
[Black "Fries Nielsen, Jens Ove"]
[Result "1/2-1/2"]
[WhiteElo "2335"]
[BlackElo "2385"]
[PlyCount "30"]
[EventDate "1986.??.??"]
[EventType "tourn"]
[EventRounds "11"]
[EventCountry "DEN"]
[EventCategory "5"]
[Source "ChessBase"]
[SourceDate "1996.11.15"]

1. d4 Nf6 2. Nf3 c5 3. d5 g6 4. c4 Bg7 5. Nc3 O-O 6. e4 d6 7. h3 b5 8. cxb5 a6
9. bxa6 Nbd7 10. Be2 Bxa6 11. O-O Qb6 12. Bxa6 Qxa6 13. Qc2 Rfb8 14. Bd2 Ne8
15. b3 Nc7 1/2-1/2

[Event "DEN-ch"]
[Site "Denmark"]
[Date "1986.??.??"]
[Round "4"]
[White "Schandorff, Lars"]
[Black "Berg, Klaus"]
[Result "0-1"]
[WhiteElo "2335"]
[BlackElo "2375"]
[PlyCount "61"]
[EventDate "1986.??.??"]
[EventType "tourn"]
[EventRounds "11"]
[EventCountry "DEN"]
[EventCategory "5"]
[Source "ChessBase"]
[SourceDate "1996.11.15"]

1. d4 Nf6 2. Nf3 e6 3. c4 a6 4. Nc3 c5 5. g3 cxd4 6. Nxd4 Qc7 7. Bg2 Qxc4 8.
Bf4 Bb4 9. O-O Bxc3 10. bxc3 d5 11. Bd6 Ne4 12. Bxe4 dxe4 13. Qc1 f6 14. Qe3 e5
15. Nb3 Kf7 16. Rab1 Nc6 17. Rfd1 Rd8 18. Nd2 Qxa2 19. Nxe4 Kg8 20. Qd3 Qf7 21.
Qf3 Qg6 22. Qd3 Bf5 23. Qc4+ Kh8 24. f3 Rac8 25. Bc7 Rf8 26. Bd6 Rfd8 27. Bc7
Re8 28. Bd6 Nd4 29. Rxd4 exd4 30. Qxd4 Bxe4 31. fxe4 0-1

[Event "DEN-ch"]
[Site "Denmark"]
[Date "1986.??.??"]
[Round "9"]
[White "Schmidt, Kristen"]
[Black "Sorensen, Torben N"]
[Result "1/2-1/2"]
[WhiteElo "2245"]
[BlackElo "2275"]
[PlyCount "142"]
[EventDate "1986.??.??"]
[EventType "tourn"]
[EventRounds "11"]
[EventCountry "DEN"]
[EventCategory "5"]
[Source "ChessBase"]
[SourceDate "1996.11.15"]

1. e4 e5 2. Nf3 Nc6 3. Bb5 a6 4. Bxc6 dxc6 5. O-O f6 6. d4 Bg4 7. dxe5 Qxd1 8.
Rxd1 fxe5 9. Rd3 Bd6 10. Nbd2 Nf6 11. Nc4 O-O 12. Nfxe5 Be2 13. Re3 Bxc4 14.
Nxc4 Bc5 15. Re2 Rae8 16. Be3 Rxe4 17. Nd2 Re6 18. Nf1 Ng4 19. h3 Nf6 20. Ree1
Rfe8 21. Red1 Bxe3 22. Nxe3 Ne4 23. Rd7 R6e7 24. Rad1 Nd6 25. Rxe7 Rxe7 26. Kf1
Kf7 27. Re1 Re4 28. b3 a5 29. f3 Re5 30. Kf2 Nf5 31. f4 Re4 32. Kf3 Nd6 33. Rd1
Re7 34. g4 h6 35. h4 g6 36. Rh1 Ne4 37. h5 Nd2+ 38. Ke2 Ne4 39. hxg6+ Kxg6 40.
Rxh6+ Kxh6 41. Nf5+ Kg6 42. Nxe7+ Kf6 43. Nf5 Nc3+ 44. Kf3 Nxa2 45. Ne3 b5 46.
g5+ Kg7 47. f5 Nc3 48. Kg4 Nd5 49. Nxd5 cxd5 50. Kh5 a4 51. bxa4 bxa4 52. f6+
Kg8 53. g6 a3 54. Kh6 a2 55. f7+ Kf8 56. g7+ Kxf7 57. Kh7 Ke7 58. g8=Q a1=Q 59.
Qxd5 Qf6 60. Qe4+ Kd6 61. Qb4+ Kd7 62. Qb5+ Ke7 63. Qb4+ Qd6 64. Qe4+ Kd8 65.
Qa8+ Kd7 66. Qa4+ c6 67. Kg7 Qe6 68. Qd4+ Kc7 69. Qf4+ Kd7 70. Qd4+ Kc8 71. Qa4
Qe5+ 1/2-1/2

[Event "DEN-ch"]
[Site "Denmark"]
[Date "1986.??.??"]
[Round "5"]
[White "Schmidt, Kristen"]
[Black "Ochsner, Thomas"]
[Result "1-0"]
[WhiteElo "2245"]
[BlackElo "2275"]
[PlyCount "43"]
[EventDate "1986.??.??"]
[EventType "tourn"]
[EventRounds "11"]
[EventCountry "DEN"]
[EventCategory "5"]
[Source "ChessBase"]
[SourceDate "1996.11.15"]

1. e4 e5 2. Nf3 Nc6 3. Bb5 a6 4. Ba4 Nf6 5. Qe2 d6 6. c3 b5 7. Bb3 Be7 8. O-O
O-O 9. d4 Bg4 10. Rd1 exd4 11. cxd4 d5 12. e5 Ne4 13. h3 Bh5 14. Nc3 Nxc3 15.
bxc3 f5 16. exf6 Rxf6 17. g4 Bf7 18. Ne5 Re6 19. f4 Nxe5 20. dxe5 Rc6 21. Qf3
Bc5+ 22. Kg2 1-0

[Event "DEN-ch"]
[Site "Denmark"]
[Date "1986.??.??"]
[Round "2"]
[White "Schmidt, Kristen"]
[Black "Nielsen, NJ."]
[Result "1/2-1/2"]
[WhiteElo "2245"]
[BlackElo "2245"]
[PlyCount "40"]
[EventDate "1986.??.??"]
[EventType "tourn"]
[EventRounds "11"]
[EventCountry "DEN"]
[EventCategory "5"]
[Source "ChessBase"]
[SourceDate "1996.11.15"]

1. e4 e6 2. d4 c5 3. c3 b6 4. Nf3 Bb7 5. Bd3 d6 6. O-O Ne7 7. Na3 Ng6 8. Bg5
Be7 9. Bb5+ Kf8 10. Bxe7+ Kxe7 11. Re1 a6 12. Bf1 Nd7 13. b4 Qc7 14. bxc5 dxc5
15. d5 Rhd8 16. dxe6 Nde5 17. Qe2 Nf4 18. Qe3 Nxf3+ 19. Qxf3 Nxe6 20. g3 b5
1/2-1/2

[Event "DEN-ch"]
[Site "Denmark"]
[Date "1986.??.??"]
[Round "7"]
[White "Schmidt, Kristen"]
[Black "Schandorff, Lars"]
[Result "1/2-1/2"]
[WhiteElo "2245"]
[BlackElo "2335"]
[PlyCount "91"]
[EventDate "1986.??.??"]
[EventType "tourn"]
[EventRounds "11"]
[EventCountry "DEN"]
[EventCategory "5"]
[Source "ChessBase"]
[SourceDate "1996.11.15"]

1. e4 c5 2. c3 d5 3. exd5 Qxd5 4. d4 Nf6 5. Nf3 Bg4 6. Be2 e6 7. O-O Nc6 8. Na3
cxd4 9. Nb5 Rc8 10. Nbxd4 Nxd4 11. Nxd4 Bxe2 12. Qxe2 Be7 13. Rd1 a6 14. Nf3
Qa5 15. Bg5 O-O 16. Bxf6 Bxf6 17. Rd7 Qb6 18. Rad1 Rfd8 19. Rxd8+ Rxd8 20.
Rxd8+ Qxd8 21. Qd2 Qc7 22. a3 h6 23. Ne1 Qb6 24. Nd3 Qb5 25. Qc2 Qc4 26. Qe2 b5
27. Nc1 Bg5 28. Qc2 a5 29. Nd3 a4 30. g3 Be7 31. Qe2 Bd6 32. Kg2 e5 33. f3 f5
34. Qe3 Qd5 35. h3 h5 36. Nf2 Bc5 37. Qg5 Bxf2 38. Kxf2 Qd3 39. Qxh5 Qd2+ 40.
Kf1 Qc1+ 41. Kf2 Qd2+ 42. Kf1 Qc1+ 43. Ke2 Qxb2+ 44. Kd3 Qb1+ 45. Kd2 Qb2+ 46.
Kd3 1/2-1/2

[Event "DEN-ch"]
[Site "Denmark"]
[Date "1986.??.??"]
[Round "11"]
[White "Schmidt, Kristen"]
[Black "Sloth, Jorn"]
[Result "1/2-1/2"]
[WhiteElo "2245"]
[BlackElo "2385"]
[PlyCount "71"]
[EventDate "1986.??.??"]
[EventType "tourn"]
[EventRounds "11"]
[EventCountry "DEN"]
[EventCategory "5"]
[Source "ChessBase"]
[SourceDate "1996.11.15"]

1. e4 e6 2. d4 d5 3. Nd2 Nf6 4. e5 Nfd7 5. c3 c5 6. Ngf3 Nc6 7. Bd3 Qb6 8. O-O
Be7 9. dxc5 Qc7 10. Nb3 Ndxe5 11. Bf4 Nxf3+ 12. Qxf3 e5 13. Bg3 Be6 14. Rfe1 f6
15. Nd4 Bf7 16. Nf5 O-O 17. Qg4 g6 18. h4 Kh8 19. Nxe7 Qxe7 20. b4 Rfe8 21. f4
a6 22. Bc2 Rad8 23. Ba4 e4 24. Bf2 Qe6 25. Qe2 h5 26. Bxc6 Qxc6 27. Bd4 e3 28.
Qf1 Re4 29. Rxe3 Rxe3 30. Bxe3 Re8 31. Bd4 Qe6 32. a4 Kg7 33. Qf3 Qd7 34. Kh2
Re4 35. Kg3 Be8 36. Kh2 1/2-1/2

[Event "DEN-ch"]
[Site "Denmark"]
[Date "1986.??.??"]
[Round "10"]
[White "Sloth, Jorn"]
[Black "Mortensen, Erling"]
[Result "1/2-1/2"]
[WhiteElo "2385"]
[BlackElo "2420"]
[PlyCount "24"]
[EventDate "1986.??.??"]
[EventType "tourn"]
[EventRounds "11"]
[EventCountry "DEN"]
[EventCategory "5"]
[Source "ChessBase"]
[SourceDate "1996.11.15"]

1. d4 Nf6 2. g3 g6 3. Bg2 Bg7 4. e4 O-O 5. Nc3 d6 6. Nge2 e5 7. O-O Nc6 8. dxe5
dxe5 9. Bg5 Bg4 10. h3 Bxe2 11. Nxe2 Qxd1 12. Rfxd1 Rfd8 1/2-1/2

[Event "DEN-ch"]
[Site "Denmark"]
[Date "1986.??.??"]
[Round "3"]
[White "Sloth, Jorn"]
[Black "Schandorff, Lars"]
[Result "1/2-1/2"]
[WhiteElo "2385"]
[BlackElo "2335"]
[PlyCount "39"]
[EventDate "1986.??.??"]
[EventType "tourn"]
[EventRounds "11"]
[EventCountry "DEN"]
[EventCategory "5"]
[Source "ChessBase"]
[SourceDate "1996.11.15"]

1. d4 Nf6 2. Nf3 d5 3. c4 e6 4. g3 dxc4 5. Qa4+ Nbd7 6. Bg2 a6 7. Nc3 Rb8 8.
Qxc4 b5 9. Qd3 Bb7 10. O-O c5 11. dxc5 Bxc5 12. Bf4 Rc8 13. Rad1 Qb6 14. Ng5
Bxg2 15. Kxg2 Be7 16. Kg1 Nc5 17. Qf3 Qc6 18. Rc1 Qxf3 19. Nxf3 O-O 20. Rc2
1/2-1/2

[Event "DEN-ch"]
[Site "Denmark"]
[Date "1986.??.??"]
[Round "8"]
[White "Sloth, Jorn"]
[Black "Berg, Klaus"]
[Result "1/2-1/2"]
[WhiteElo "2385"]
[BlackElo "2375"]
[PlyCount "41"]
[EventDate "1986.??.??"]
[EventType "tourn"]
[EventRounds "11"]
[EventCountry "DEN"]
[EventCategory "5"]
[Source "ChessBase"]
[SourceDate "1996.11.15"]

1. Nf3 Nf6 2. g3 d5 3. Bg2 c6 4. d3 Bg4 5. O-O Nbd7 6. Qe1 e5 7. h3 Bh5 8. Nfd2
Bc5 9. Nc3 O-O 10. Nb3 Bb6 11. e4 dxe4 12. dxe4 Re8 13. Na4 Bc7 14. Be3 Nf8 15.
f3 N6d7 16. Qf2 f6 17. h4 Bf7 18. Bh3 b6 19. Rfd1 Qe7 20. Rac1 Rad8 21. Kg2
1/2-1/2

[Event "DEN-ch"]
[Site "Denmark"]
[Date "1986.??.??"]
[Round "5"]
[White "Sloth, Jorn"]
[Black "Sorensen, Torben N"]
[Result "1-0"]
[WhiteElo "2385"]
[BlackElo "2275"]
[PlyCount "53"]
[EventDate "1986.??.??"]
[EventType "tourn"]
[EventRounds "11"]
[EventCountry "DEN"]
[EventCategory "5"]
[Source "ChessBase"]
[SourceDate "1996.11.15"]

1. c4 c5 2. g3 g6 3. Bg2 Bg7 4. Nc3 Nc6 5. b3 e6 6. Bb2 Nge7 7. Qc1 d6 8. Nd5
e5 9. f4 O-O 10. Nf3 Be6 11. Ng5 Bg4 12. Ne3 Bc8 13. Ne4 Nd4 14. Nc3 exf4 15.
gxf4 Nef5 16. Nxf5 Bxf5 17. O-O Qh4 18. e3 Nc6 19. Nd5 Bxb2 20. Qxb2 f6 21. a3
Kg7 22. b4 Bd3 23. Nc7 Rf7 24. Nxa8 Bxf1 25. Rxf1 Qg4 26. b5 Na5 27. b6 1-0